Cesta k vědomí vlastní hodnoty na I. stupni základní školy, prevence šikanování : absolventská práce Šárka Vinšová ; vedoucí práce: Marie Ortová
Record details
- Physical Description: 90 s. 10 příl. , čb. obr. na příl.
Content descriptions
| General Note: | angl. resumé |
| Bibliography, etc. Note: | bibliogr. s. 77 |
Available copies
- 2 of 2 copies available at Common Catalog SPOK.
Holds
- 0 current holds with 2 total copies.
Show All Copies
| Location | Call Number / Copy Notes | Barcode | Shelving Location | Status | Due Date |
|---|---|---|---|---|---|
| Jabok Library | ABP-0638 | 424480013460 | Absolventské práce | Reference | - |
| Jabok Library | ABP-0639 | 424480013447 | Depozitář - Absolv. práce | Reference | - |
| LDR | 00821ntm a22 a 4500 | ||
|---|---|---|---|
| 001 | 1174 | ||
| 003 | CZ-PrJAB | ||
| 005 | 20120713094900.0 | ||
| 008 | 030619s2003 xr e |||| |cze | ||
| 009 | cz | ||
| 035 | . | ‡a(CONS)1174 | |
| 035 | . | ‡aKPS0011691 | |
| 041 | 0 | . | ‡acze |
| 100 | 1 | 1. | ‡79496 ‡aVinšová, Šárka |
| 110 | 2. | ‡aJABOK - Vyšší sociálně pedagogická a teologická škola | |
| 245 | 1 | . | ‡aCesta k vědomí vlastní hodnoty na I. stupni základní školy, prevence šikanování : ‡babsolventská práce ‡cŠárka Vinšová ; vedoucí práce: Marie Ortová |
| 260 | . | ‡aPraha ‡c2003 | |
| 300 | . | ‡a90 s. ‡b10 příl. , čb. obr. na příl. | |
| 500 | . | ‡aangl. resumé | |
| 504 | . | ‡abibliogr. s. 77 | |
| 653 | . | ‡asebevědomí ‡aděti ‡avývojová období ‡ahodnoty ‡asebedůvěra ‡ametody ‡ašikana ‡aprevence | |
| 700 | 1 | 1. | ‡74205 ‡aOrtová, Marie |
| 999 | . | ‡a638-d ‡c638-d ‡i424480013460 ‡tP | |
| 999 | . | ‡a639-d ‡c639-d ‡i424480013447 ‡tP | |
| 910 | . | ‡aABG312 | |
| 901 | . | ‡a1174 ‡bUnknown ‡c1174 ‡tbiblio | |